| 000 | 00614nam a2200181 a 4500 | ||
|---|---|---|---|
| 001 | 58823 | ||
| 005 | 20180714055548.0 | ||
| 008 | 140415s2012 mx 000 0 spa d | ||
| 020 | _a9786077592600 | ||
| 041 | _aspa | ||
| 082 |
_a262.91 _bNES |
||
| 100 | 1 | _aNESTI, ARNALDO | |
| 245 | 1 | 4 |
_aLOS AÑOS, LOS AMIGOS Y DIOS : _bSOBRE EL SESENTA Y OCHO, ONE WAY, REGGIO EMILIA |
| 250 | _a2a ed. | ||
| 260 |
_aMEXICO : _bIMDOSOC, _c2012 |
||
| 300 |
_a915 _cx 21.5 |
||
| 650 | 1 | 4 |
_aLIBERTAD RELIGIOSA _xRELIGION Y SOCIOLOGIA _xRELIGION _xHISTORIA _xMEXICO _xIGLESIA Y PROBLEMAS SOCIALES MEXICO HISTORIA SIGLO XX |
| 999 |
_c58823 _d58823 |
||